Countries by ChatGPT Description #1 - Statistics

General Stats
  • This quiz has been taken 25 times
  • The average score is 6 of 17
Answer Stats
Hint Country % Correct
Home to the Andes, ancient Incan ruins, including Machu Picchu, and diverse ecosystems ranging from mountains to jungles Peru
100%
Known for its medieval castles, vibrant cities like Poznan, rich folklore, and significant historical events shaping Europe Poland
83%
Home to the highest peaks, including Annapurna, rich cultural heritage, and diverse landscapes from mountains to valleys Nepal
78%
An ancient nation recognized for its early adoption of Christianity, stunning monasteries, and rich cultural heritage in the Caucasus Armenia
70%
Famous for its picturesque canals, vibrant tulip fields, innovative architecture, and rich artistic heritage from masters like Rembrandt and Van Gogh Netherlands
52%
Known for its vast deserts, rich Islamic heritage, historic cities, and significant oil reserves shaping its economy and culture Saudi Arabia
39%
Famous for its vast rainforests, rich biodiversity, stunning landscapes, and cultural diversity, along with significant mineral resources D.R. Congo
30%
Renowned for its historic architecture, stunning coastlines, ancient temples, and a vibrant Mediterranean culture steeped in history Malta
30%
Known for its breathtaking mountains, rich Persian heritage, ancient Silk Road history, and vibrant cultural traditions in Central Asia Tajikistan
30%
Known for its rolling hills, rich cultural traditions, and vibrant festivals, alongside the beautiful shores of Lake Tanganyika Burundi
26%
A small island nation renowned for its jellyfish lake, traditional bai meeting houses, and rich World War II history Palau
26%
Characterized by its vast wetlands, rich Guarani culture, diverse ecosystems, and significant historical sites, blending tradition and modernity Paraguay
22%
Characterized by diverse landscapes, iconic landmarks, vibrant cities, and a rich tapestry of cultures and histories throughout its regions United States
22%
Famous for its ancient pagodas, diverse ethnic cultures, stunning landscapes, and the picturesque Inle Lake, rich in tradition Myanmar
17%
Famous for its crystal-clear waters, white sandy beaches, vibrant marine life, and a rich cultural heritage with strong African influences Bahamas
9%
Known for its stunning beaches, rich cultural heritage, vibrant traditions, and a history shaped by colonialism and independence struggles East Timor
0%
Renowned for its historic architecture, vibrant cultural festivals, rich traditions, and a diverse landscape featuring mountains and rivers Serbia
0%
No matching quizzes found
Score Distribution
Percent of People with Each Score
Percentile by Number Answered
Your Score History
You have not taken this quiz